000 01065ngm a22003610a 4500
001 PT19571
003 AR-LpoUNG
005 20210202000320.0
007 vd cvaizq
008 191001suuuu||||ag |||||||||||||||||spa d
037 _c$11.63
040 _aAR-LpoUNG
_bspa
_cAR-LpoUNG
_eaacr
041 _aspa
044 _aag
082 0 _a980.013 636tie
245 1 3 _aUn tiempo, un lugar, un encuentro :
_bla empresa jesuitica
260 _aBuenos Aires :
_bCultural Video,
_cs.f.
300 _aVHS (40 min.) : son., col., PAL
505 0 _aUn detallado análisis del accionar de los misiones jesuíticas en el Noroeste argentino, filmado en el corazón de la selva Misionera
650 4 _aAMERICA LATINA
650 4 _aANALISIS HISTORICO
650 4 _aASPECTOS SOCIALES
650 4 _aHISTORIA
650 4 _aMISIONES RELIGIOSAS
650 4 _aPOBLACION INDIGENA
651 4 _aAmérica Latina
653 _aDOCUMENTALES
653 _aJESUITAS
653 _aVIDEOS
710 2 _aBlakman (firma comercial)
905 _a19571
942 _cVIDEO
999 _c54601
_d54601